000 01060nam a22003017a 4500
999 _c8078
_d8078
003 AR-CdUCM
008 190322b ||||| |||| 00| 0 eng d
020 _a84-252-0397-X
040 _aMUNICIPALIDAD PROVINCIAL DEL CUSCO
_cBIBLIOTECA MUNICIPAL DEL CUSCO
041 _hger
082 _a690 /
_bS16
100 _aSage, Konrad
_922815
245 _aInstalaciones Técnicas en edificios /
260 _aBarcelona :
_bGustavo Gili,
_c1975.
300 _a2v. ;
_bIlustraciones.
_c29 cm.
505 _aContenido : v.1 Instalaciones de calefacción,eléctricas y transporte -- v.2: Instalaciones de ventilación y acondicionamiento de aire,sanitarias,industriales de elevación y transporte.
650 _aCiencias
_98174
650 _aInstalaciones
_919019
650 _aIngeniera Civil
_922816
650 _aArquitectura
_93356
650 _aConstrucción
_94996
700 _aFritz Busch
_922817
700 _aRudolf Haenisch
_922818
700 _aWilli Henkel
_922819
700 _aWalter Jaekelt.
_922820
942 _2ddc
_cLIBROS
945 _admma